00789ngm a22001817a 450000500170000000800410001704100080005808200110006610000220007724500610009930000180016050503320017865000150051065000140052565000220053965000230056165000230058420170221174831.0160921b xxu||||| |||| 00| 0 spa d aspa a24 DVD aObregón, Manuel aSimbiosis: piano y bosque lluvioso=Piano and rainforest. a47:14 minutos a24 A Y B 1.Preludio 2.Conservación con Jilgueros 3.La danza de los Toledos 4. Hadas y duendes 5. Blues del mono aullador 6. Un sueño en la lluvia 7. Réquiem para el sapo dorado 24 C 1. La piel del mar 2. Amanecer en Santa Rosa 3. Viento y semillas 4. Roca Bruja 5. Primera luvia 6. Las alas del bosque 7. Fin del verano  aCOSTA RICA aMÚSICA  aSONIDOS NATURALES aCONCIERTO DE RANAS aCONCIERTO DE PIANO